[Event "SVK-chT2A 1920"]
[Site "Slovakia"]
[Date "2019.11.16"]
[Round "3.2"]
[White "Kundrik, Peter"]
[Black "Bochnicka, Vladimir1111"]
[Result "1/2-1/2"]
[WhiteElo "2233"]
[BlackElo "1964"]
[PlyCount "59"]
[EventDate "2019.10.26"]
[EventType "team-tourn"]
[EventRounds "11"]
[EventCountry "SVK"]
[SourceTitle "CBM 193 Extra"]
[Source "ChessBase"]
[SourceDate "2020.01.31"]
[SourceVersion "1"]
[SourceVersionDate "2020.01.31"]
[SourceQuality "1"]
[WhiteTeam "Piestany Kupele"]
[BlackTeam "Modra II"]
[WhiteTeamCountry "SVK"]
[BlackTeamCountry "SVK"]

1. e4 e5 2. Nf3 Nf6 3. Nxe5 d6 4. Nf3 Nxe4 5. d4 d5 6. Bd3 Be7 7. 0-0 0-0 8. Re1 Bf5 9. c4 Nc6 10. cxd5 Qxd5 11. Nc3 Nxc3 12. bxc3 Bxd3 13. Qxd3 Bf6 14. Bf4 Rac8 15. h3 h6 16. Re2 Na5 17. Be5 Bxe5 18. Rxe5 Qc4 19. Qe3 Qa6 20. Re4 Nc4 21. Qe2 Qb5 22. Ne5 Nd6 23. c4 Qa4 24. Rg4 f6 25. c5 fxe5 26. cxd6 cxd6 27. dxe5 Qc2 28. Qe3 Qc3 29. Qxc3 Rxc3 30. exd6 1/2-1/2

[Event "SVK-chT2A 1819"]
[Site "Slovakia"]
[Date "2019.04.07"]
[Round "11.3"]
[White "Kundrik, Peter"]
[Black "Puchart, Vladimir"]
[Result "1-0"]
[WhiteElo "2236"]
[BlackElo "2020"]
[PlyCount "85"]
[EventDate "2018.10.13"]
[EventType "team-tourn"]
[EventRounds "11"]
[EventCountry "SVK"]
[SourceTitle "EXT 2020"]
[Source "ChessBase"]
[SourceDate "2019.10.17"]
[SourceVersion "1"]
[SourceVersionDate "2019.10.17"]
[SourceQuality "1"]
[WhiteTeam "Piestany Kupele"]
[BlackTeam "Trnava Lokomotiva"]
[WhiteTeamCountry "SVK"]
[BlackTeamCountry "SVK"]

1. e4 c5 2. Nf3 d6 3. c3 Nf6 4. h3 a6 5. Bd3 e6 6. Bc2 Be7 7. 0-0 0-0 8. a4 Nc6 9. Re1 Rb8 10. d3 b5 11. axb5 axb5 12. Nbd2 Bb7 13. Nf1 Ra8 14. Rxa8 Qxa8 15. Ng3 Qa1 16. d4 cxd4 17. Nxd4 b4 18. Nxc6 Bxc6 19. c4 Ra8 20. Qd2 Rb8 21. b3 Nd7 22. Kh2 Nc5 23. e5 dxe5 24. Bb2 Qa8 25. Bxe5 Rd8 26. Qxb4 f6 27. Ra1 Qc8 28. Bb2 Bd6 29. Qe1 e5 30. b4 Nd7 31. c5 Bb8 32. Nf5 Qc7 33. Nd6 Bd5 34. Qe3 Nf8 35. Bb3 Be6 36. f4 Qe7 37. fxe5 fxe5 38. Bxe5 Kh8 39. Kh1 Bxb3 40. Qxb3 Bxd6 41. Bxd6 Qe2 42. Qf3 Qb2 43. Ra8 1-0

[Event "SVK-chT2A 1819"]
[Site "Slovakia"]
[Date "2018.11.17"]
[Round "3.3"]
[White "Kundrik, Peter"]
[Black "Sukuba, Zdeno"]
[Result "1/2-1/2"]
[WhiteElo "2235"]
[BlackElo "2142"]
[PlyCount "25"]
[EventDate "2018.10.13"]
[EventType "team-tourn"]
[EventRounds "11"]
[EventCountry "SVK"]
[SourceTitle "CBM 189 Extra"]
[Source "ChessBase"]
[SourceDate "2019.06.03"]
[SourceVersion "1"]
[SourceVersionDate "2019.06.03"]
[SourceQuality "1"]
[WhiteTeam "Piestany Kupele"]
[BlackTeam "Krasnany"]
[WhiteTeamCountry "SVK"]
[BlackTeamCountry "SVK"]

1. e4 c6 2. Nc3 d5 3. Qf3 dxe4 4. Nxe4 Nd7 5. Qg3 Ndf6 6. Nxf6+ Nxf6 7. Bc4 g6 8. Qb3 Nd5 9. Ne2 Bg7 10. 0-0 0-0 11. a4 Nb6 12. a5 Nxc4 13. Qxc4 1/2-1/2

[Event "SVK-chT2A 1819"]
[Site "Slovakia"]
[Date "2018.10.13"]
[Round "1.3"]
[White "Kundrik, Peter"]
[Black "Kosnac, Patrik"]
[Result "1-0"]
[WhiteElo "2235"]
[BlackElo "1934"]
[PlyCount "79"]
[EventDate "2018.10.13"]
[EventType "team-tourn"]
[EventRounds "11"]
[EventCountry "SVK"]
[SourceTitle "CBM 189 Extra"]
[Source "ChessBase"]
[SourceDate "2019.06.03"]
[SourceVersion "1"]
[SourceVersionDate "2019.06.03"]
[SourceQuality "1"]
[WhiteTeam "Piestany Kupele"]
[BlackTeam "Pezinok"]
[WhiteTeamCountry "SVK"]
[BlackTeamCountry "SVK"]

1. e4 e6 2. d4 d5 3. Nd2 dxe4 4. Nxe4 Nf6 5. Nxf6+ Qxf6 6. Nf3 h6 7. Bd3 Bd7 8. Ne5 Bd6 9. Qe2 Bc6 10. Nxc6 Nxc6 11. c3 Ne7 12. 0-0 Ng6 13. Bxg6 Qxg6 14. Qb5+ Ke7 15. Qxb7 Qh5 16. g3 Qe2 17. Kg2 Rhb8 18. Qf3 Qxf3+ 19. Kxf3 c5 20. dxc5 Bxc5 21. Rd1 Rb5 22. c4 Rb7 23. b3 a5 24. Be3 Bxe3 25. Kxe3 a4 26. Rab1 Rab8 27. Rd3 Rb4 28. Rc3 Kd6 29. Kd3 Kc5 30. Kc2 Ra8 31. Rd3 Ra7 32. h4 h5 33. Rd8 Rc7 34. Kc3 Rcb7 35. Rbd1 R4b6 36. Rc8+ Rc6 37. b4+ Kb6 38. c5+ Kb5 39. Rxc6 Kxc6 40. Kc4 1-0

[Event "SVK-chT2A 1213"]
[Site "Slovakia"]
[Date "2013.02.02"]
[Round "7.1"]
[White "Federic, Jozef"]
[Black "Kundrik, Peter"]
[Result "1-0"]
[WhiteElo "2299"]
[BlackElo "2248"]
[PlyCount "127"]
[EventDate "2012.10.13"]
[EventType "team-tourn"]
[EventRounds "11"]
[EventCountry "SVK"]
[SourceTitle "EXT 2015"]
[Source "ChessBase"]
[SourceDate "2014.11.20"]
[SourceVersion "1"]
[SourceVersionDate "2014.11.20"]
[SourceQuality "1"]
[WhiteTeam "Modra II"]
[BlackTeam "Piestany Kupele"]
[WhiteTeamCountry "SVK"]
[BlackTeamCountry "SVK"]

1. d4 Nf6 2. g3 g6 3. Bg2 Bg7 4. e4 0-0 5. Ne2 d6 6. 0-0 e5 7. Nbc3 exd4 8. Nxd4 Re8 9. h3 Nbd7 10. Re1 Nc5 11. Nb3 Nfd7 12. Nd5 a5 13. Rb1 Nxb3 14. cxb3 Nc5 15. Bd2 c6 16. Nf4 f5 17. Bc3 Bxc3 18. bxc3 Qf6 19. exf5 Bxf5 20. Rxe8+ Rxe8 21. Rc1 Qe5 22. h4 d5 23. Qd4 Qxd4 24. cxd4 Nd7 25. f3 h5 26. Kf2 Kg7 27. Bf1 Kf6 28. a3 Nf8 29. Rc5 Ra8 30. Ke3 Re8+ 31. Kd2 Ra8 32. Rc1 Re8 33. Ra1 Ra8 34. Re1 Rd8 35. Kc3 b6 36. Kd2 Ne6 37. Nxe6 Bxe6 38. Rc1 Bd7 39. Ba6 Ke7 40. Bd3 Kf6 41. Re1 Bf5 42. Rc1 Bd7 43. Ke3 Rc8 44. Kf4 Rh8 45. Re1 Rg8 46. Re5 Rf8 47. g4 hxg4 48. fxg4 Rh8 49. Kg3 Re8 50. g5+ Kf7 51. h5 gxh5 52. Rxe8 Bxe8 53. Kh4 Kg7 54. b4 axb4 55. axb4 Bg6 56. Be2 Be8 57. Bxh5 Bd7 58. Kg3 Kf8 59. Kf4 Ke7 60. Ke5 Bc8 61. Bg6 Bd7 62. Bf5 Be8 63. g6 Kf8 64. Kf6 1-0

[Event "SVK-chT2A 1112"]
[Site "Slovakia"]
[Date "2012.01.28"]
[Round "8.1"]
[White "Schwarz, Dusan"]
[Black "Kundrik, Peter"]
[Result "1/2-1/2"]
[WhiteElo "2286"]
[BlackElo "2260"]
[PlyCount "35"]
[EventDate "2011.10.08"]
[EventType "team-tourn"]
[EventRounds "11"]
[EventCountry "SVK"]
[SourceTitle "EXT 2013"]
[Source "ChessBase"]
[SourceDate "2012.11.22"]
[SourceVersion "1"]
[SourceVersionDate "2012.11.22"]
[SourceQuality "1"]
[WhiteTeam "Bratislava Doprastav II"]
[BlackTeam "Piestany Kupele"]
[WhiteTeamCountry "SVK"]
[BlackTeamCountry "SVK"]

1. d4 g6 2. c4 Nf6 3. Nc3 Bg7 4. e4 0-0 5. f3 Nc6 6. Nge2 e5 7. d5 Nd4 8. Be3 c5 9. dxc6 dxc6 10. Nxd4 exd4 11. Bxd4 Nxe4 12. Bxg7 Qh4+ 13. g3 Nxg3 14. Bf6 Re8+ 15. Be2 Qxf6 16. hxg3 Qxf3 17. Kd2 Qe3+ 18. Kc2 1/2-1/2

[Event "SVK-chT2A 1112"]
[Site "Slovakia"]
[Date "2011.12.04"]
[Round "6.1"]
[White "Pagerka, Martin"]
[Black "Kundrik, Peter"]
[Result "1-0"]
[WhiteElo "2200"]
[BlackElo "2260"]
[PlyCount "51"]
[EventDate "2011.10.08"]
[EventType "team-tourn"]
[EventRounds "11"]
[EventCountry "SVK"]
[SourceTitle "EXT 2013"]
[Source "ChessBase"]
[SourceDate "2012.11.22"]
[SourceVersion "1"]
[SourceVersionDate "2012.11.22"]
[SourceQuality "1"]
[WhiteTeam "Osuske II"]
[BlackTeam "Piestany Kupele"]
[WhiteTeamCountry "SVK"]
[BlackTeamCountry "SVK"]

1. e4 e6 2. d4 d5 3. Nc3 Nf6 4. e5 Nfd7 5. f4 c5 6. Nf3 Nc6 7. Be3 a6 8. Qd2 b5 9. Ne2 b4 10. Nc1 c4 11. Qf2 Ndb8 12. Be2 Ne7 13. g4 h5 14. Qh4 Qc7 15. Ng5 Bd7 16. gxh5 Nf5 17. Qf2 Be7 18. Bg4 Nxe3 19. Qxe3 Qc6 20. Ne2 Qa4 21. b3 Qc6 22. 0-0 f6 23. Nxe6 Bxe6 24. exf6 gxf6 25. Bxe6 Rxh5 26. Ng3 1-0

[Event "SVK-chT2A 1112"]
[Site "Slovakia"]
[Date "2011.12.03"]
[Round "5.1"]
[White "Kundrik, Peter"]
[Black "Jablonicky, Frantisek"]
[Result "1/2-1/2"]
[WhiteElo "2260"]
[BlackElo "2187"]
[PlyCount "45"]
[EventDate "2011.10.08"]
[EventType "team-tourn"]
[EventRounds "11"]
[EventCountry "SVK"]
[SourceTitle "EXT 2013"]
[Source "ChessBase"]
[SourceDate "2012.11.22"]
[SourceVersion "1"]
[SourceVersionDate "2012.11.22"]
[SourceQuality "1"]
[WhiteTeam "Piestany Kupele"]
[BlackTeam "Trnava Modranka"]
[WhiteTeamCountry "SVK"]
[BlackTeamCountry "SVK"]

1. e4 c6 2. Nf3 d5 3. exd5 cxd5 4. Ne5 Nc6 5. d4 Nf6 6. Bb5 Qb6 7. c4 e6 8. Qa4 Bd7 9. Nxd7 Nxd7 10. 0-0 dxc4 11. d5 exd5 12. Nc3 Nf6 13. Re1+ Be7 14. Be3 Qc7 15. Bc5 Kf8 16. Qa3 b6 17. Rxe7 Nxe7 18. Bd6 Qb7 19. Ba6 Qd7 20. Bb5 Qe6 21. Kf1 Ne4 22. Nxe4 dxe4 23. Rd1 1/2-1/2

[Event "SVK-chT2A 1112"]
[Site "Slovakia"]
[Date "2011.11.06"]
[Round "4.1"]
[White "Rohacek, Miroslav"]
[Black "Kundrik, Peter"]
[Result "1/2-1/2"]
[WhiteElo "2297"]
[BlackElo "2260"]
[PlyCount "26"]
[EventDate "2011.10.08"]
[EventType "team-tourn"]
[EventRounds "11"]
[EventCountry "SVK"]
[SourceTitle "EXT 2013"]
[Source "ChessBase"]
[SourceDate "2012.11.22"]
[SourceVersion "1"]
[SourceVersionDate "2012.11.22"]
[SourceQuality "1"]
[WhiteTeam "Bratislava KSN"]
[BlackTeam "Piestany Kupele"]
[WhiteTeamCountry "SVK"]
[BlackTeamCountry "SVK"]

1. e4 c5 2. Nf3 Nc6 3. Bb5 Nf6 4. d3 g6 5. Bxc6 dxc6 6. h3 Bg7 7. Nbd2 b6 8. a4 a5 9. 0-0 0-0 10. Qe2 Qc7 11. Ra2 Nh5 12. Nc4 e5 13. b3 Re8 1/2-1/2

[Event "SVK-chT2A 1112"]
[Site "Slovakia"]
[Date "2011.11.05"]
[Round "3.1"]
[White "Kundrik, Peter"]
[Black "Kleman, Miroslav"]
[Result "1/2-1/2"]
[WhiteElo "2260"]
[BlackElo "2230"]
[PlyCount "64"]
[EventDate "2011.10.08"]
[EventType "team-tourn"]
[EventRounds "11"]
[EventCountry "SVK"]
[SourceTitle "EXT 2013"]
[Source "ChessBase"]
[SourceDate "2012.11.22"]
[SourceVersion "1"]
[SourceVersionDate "2012.11.22"]
[SourceQuality "1"]
[WhiteTeam "Piestany Kupele"]
[BlackTeam "Bratislava Doprastav"]
[WhiteTeamCountry "SVK"]
[BlackTeamCountry "SVK"]

1. d4 Nf6 2. c4 c5 3. d5 e6 4. Nc3 exd5 5. cxd5 Bd6 6. Nf3 Bc7 7. e4 d6 8. h3 0-0 9. Bd3 Re8 10. 0-0 Nbd7 11. Re1 Ba5 12. Re2 c4 13. Bc2 Bxc3 14. bxc3 Qa5 15. Bf4 Ne5 16. Re3 Nfd7 17. Nd4 Nc5 18. Rg3 Qd8 19. Re3 Bd7 20. a4 Qf6 21. Bg3 g5 22. Bxe5 dxe5 23. Rf3 Qg6 24. Nf5 Bxf5 25. Rxf5 Rac8 26. a5 h6 27. Rb1 Qa6 28. h4 f6 29. Rb4 Red8 30. g3 Kg7 31. Qf3 Rd6 32. Kg2 Qxa5 1/2-1/2

[Event "SVK-chT3B2 1112"]
[Site "Slovakia"]
[Date "2011.10.23"]
[Round "1.5"]
[White "Blatnicky, Miroslav"]
[Black "Kundrik, Peter"]
[Result "1/2-1/2"]
[WhiteElo "2130"]
[BlackElo "2260"]
[PlyCount "179"]
[EventDate "2011.10.23"]
[EventType "team-tourn"]
[EventRounds "9"]
[EventCountry "SVK"]
[SourceTitle "EXT 2013"]
[Source "ChessBase"]
[SourceDate "2012.11.22"]
[SourceVersion "1"]
[SourceVersionDate "2012.11.22"]
[SourceQuality "1"]
[WhiteTeam "Myjava Spartak"]
[BlackTeam "Nove Mesto nad Vahom"]
[WhiteTeamCountry "SVK"]
[BlackTeamCountry "SVK"]

1. d4 Nf6 2. c4 g6 3. Nc3 Bg7 4. e4 d6 5. f4 0-0 6. Nf3 Nfd7 7. Be3 e6 8. Bd3 Nc6 9. 0-0 Ne7 10. Qc2 b6 11. Rad1 Bb7 12. a3 a5 13. b4 axb4 14. axb4 Nc6 15. Qb2 Nf6 16. h3 Ne7 17. e5 Nd7 18. c5 Nf5 19. Bxf5 exf5 20. Ra1 bxc5 21. Rxa8 Bxa8 22. bxc5 dxc5 23. dxc5 Qe7 24. Qf2 Rb8 25. Rd1 Bf8 26. Nd5 Bxd5 27. Rxd5 Qe6 28. Qd2 Rd8 29. Ng5 Qc6 30. Kh2 Be7 31. Nf3 Kf8 32. Bf2 Ke8 33. Bh4 Bxh4 34. Nxh4 Rb8 35. Qd4 Rb4 36. Qd2 Rc4 37. Nf3 Rxc5 38. Rd3 Rc2 39. Qd1 Rb2 40. Qa1 Qb5 41. Re3 Qb6 42. Qc1 h6 43. e6 fxe6 44. Rxe6+ Qxe6 45. Qxb2 Qf6 46. Qb5 Ke7 47. Qe2+ Qe6 48. Qb2 Qf6 49. Qe2+ Kf8 50. Qc4 Qd6 51. Kh1 Nb6 52. Qc3 Kg8 53. Ne5 Nd5 54. Qc4 Kg7 55. Qd4 c5 56. Qa4 g5 57. Qe8 Qf6 58. Qd7+ Ne7 59. Nc6 Qxc6 60. Qxe7+ Kg6 61. fxg5 hxg5 62. h4 gxh4 63. Qxh4 c4 64. Qg3+ Kf7 65. Qh3 Qf6 66. Qh7+ Kf8 67. Qc7 c3 68. Qb8+ Kg7 69. Qg3+ Kh7 70. Qc7+ Kg6 71. Qg3+ Kf7 72. Qc7+ Kf8 73. Qc8+ Kg7 74. Qc7+ Kh8 75. Qc8+ Kh7 76. Qc7+ Qg7 77. Qc5 Qh6+ 78. Kg1 Qc1+ 79. Kh2 Qf4+ 80. Kg1 Qc1+ 81. Kh2 Kg6 82. Qd6+ Kh5 83. Qc5 Qf4+ 84. g3 Qd2+ 85. Kh3 Qd3 86. Qc8 Qf1+ 87. Kh2 Qf2+ 88. Kh3 c2 89. Qe8+ Kg5 90. Qe7+ 1/2-1/2

[Event "SVK-chT2A 10/11"]
[Site "Slovakia"]
[Date "2011.03.05"]
[Round "8.1"]
[White "Tibensky, Robert"]
[Black "Kundrik, Peter"]
[Result "1/2-1/2"]
[WhiteElo "2401"]
[BlackElo "2226"]
[PlyCount "45"]
[EventDate "2010.10.23"]
[EventType "team-tourn"]
[EventRounds "11"]
[EventCountry "SVK"]
[SourceTitle "EXT 2019"]
[Source "ChessBase"]
[SourceDate "2018.10.10"]
[SourceVersion "1"]
[SourceVersionDate "2018.10.10"]
[SourceQuality "1"]
[WhiteTeam "Pezinok KS"]
[BlackTeam "Piestany Kupele"]
[WhiteTeamCountry "SVK"]
[BlackTeamCountry "SVK"]

1. d4 Nf6 2. c4 g6 3. Nf3 Bg7 4. g3 0-0 5. Bg2 d6 6. 0-0 Nbd7 7. Nc3 e5 8. e4 exd4 9. Nxd4 a5 10. Ndb5 Re8 11. h3 Nc5 12. Re1 Bd7 13. Nd4 c6 14. Bf4 Bf8 15. Nb3 Nxb3 16. axb3 Nh5 17. Bxd6 Bxh3 18. f3 Qg5 19. Kh2 Rad8 20. Kxh3 Re6 21. Qc1 Qxc1 22. Raxc1 Rexd6 23. Re2 1/2-1/2

[Event "SVK-chT2A 10/11"]
[Site "Slovakia"]
[Date "2011.02.06"]
[Round "7.2"]
[White "Bury, Rastislav"]
[Black "Kundrik, Peter"]
[Result "1/2-1/2"]
[WhiteElo "2187"]
[BlackElo "2226"]
[PlyCount "26"]
[EventDate "2010.10.23"]
[EventType "team-tourn"]
[EventRounds "11"]
[EventCountry "SVK"]
[SourceTitle "EXT 2019"]
[Source "ChessBase"]
[SourceDate "2018.10.10"]
[SourceVersion "1"]
[SourceVersionDate "2018.10.10"]
[SourceQuality "1"]
[WhiteTeam "Osuske II"]
[BlackTeam "Piestany Kupele"]
[WhiteTeamCountry "SVK"]
[BlackTeamCountry "SVK"]

1. d4 Nf6 2. Nf3 g6 3. c4 Bg7 4. Nc3 d6 5. e4 0-0 6. Be2 e5 7. dxe5 dxe5 8. Qxd8 Rxd8 9. Bg5 Re8 10. Nd5 Nxd5 11. cxd5 c6 12. Bc4 b5 13. Bb3 a5 1/2-1/2

[Event "SVK-chT2A 10/11"]
[Site "Slovakia"]
[Date "2011.02.05"]
[Round "6.1"]
[White "Rachela, Milan"]
[Black "Kundrik, Peter"]
[Result "1-0"]
[WhiteElo "2395"]
[BlackElo "2226"]
[PlyCount "73"]
[EventDate "2010.10.23"]
[EventType "team-tourn"]
[EventRounds "11"]
[EventCountry "SVK"]
[SourceTitle "EXT 2019"]
[Source "ChessBase"]
[SourceDate "2018.10.10"]
[SourceVersion "1"]
[SourceVersionDate "2018.10.10"]
[SourceQuality "1"]
[WhiteTeam "Dunajska Streda SK II"]
[BlackTeam "Piestany Kupele"]
[WhiteTeamCountry "SVK"]
[BlackTeamCountry "SVK"]

1. Nf3 Nf6 2. c4 g6 3. Nc3 Bg7 4. d4 d6 5. e4 0-0 6. Be2 e5 7. 0-0 Na6 8. Be3 Ng4 9. Bg5 f6 10. Bd2 c6 11. d5 c5 12. a3 f5 13. b4 cxb4 14. axb4 Nxb4 15. Ng5 Na6 16. exf5 gxf5 17. Bxg4 fxg4 18. Nce4 Qe7 19. Rxa6 bxa6 20. Bb4 Rd8 21. c5 h6 22. cxd6 Qe8 23. Ne6 Bxe6 24. dxe6 Qxe6 25. Ba5 Qf5 26. Bxd8 Rxd8 27. Qd3 Bf8 28. Rd1 Rd7 29. Qd5+ Kg7 30. h3 gxh3 31. Rd3 h2+ 32. Kxh2 Kh7 33. Rf3 Qh5+ 34. Kg1 Bg7 35. Qc6 Rd8 36. Qc7 Qg6 37. Nf6+ 1-0

[Event "SVK-chT2A 10/11"]
[Site "Slovakia"]
[Date "2010.12.04"]
[Round "3.1"]
[White "Kundrik, Peter"]
[Black "Schwarz, Dusan"]
[Result "1/2-1/2"]
[WhiteElo "2226"]
[BlackElo "2294"]
[PlyCount "95"]
[EventDate "2010.10.23"]
[EventType "team-tourn"]
[EventRounds "11"]
[EventCountry "SVK"]
[SourceTitle "EXT 2019"]
[Source "ChessBase"]
[SourceDate "2018.10.10"]
[SourceVersion "1"]
[SourceVersionDate "2018.10.10"]
[SourceQuality "1"]
[WhiteTeam "Piestany Kupele"]
[BlackTeam "Bratislava Doprastav II"]
[WhiteTeamCountry "SVK"]
[BlackTeamCountry "SVK"]

1. e4 c5 2. Nf3 e6 3. g3 Nf6 4. d3 d5 5. e5 Nfd7 6. Bg2 Nc6 7. Bf4 Be7 8. h4 b5 9. Nbd2 Qc7 10. c3 Ndxe5 11. Nxe5 Nxe5 12. Qe2 Bd6 13. Bxe5 Bxe5 14. f4 Bf6 15. Bxd5 Bb7 16. Bxb7 Qxb7 17. Ne4 Be7 18. f5 0-0 19. 0-0 exf5 20. Rxf5 g6 21. Rf6 Qc7 22. Rf3 f5 23. Nd2 Bd6 24. Kg2 Qc6 25. Re1 Rae8 26. Qf2 a6 27. Kh2 h5 28. Rxe8 Rxe8 29. Re3 Kf7 30. Nf3 Kf6 31. Ng5 Re7 32. Rxe7 Bxe7 33. b3 Kg7 34. Nf3 Bf6 35. Qe3 Qd6 36. d4 cxd4 37. cxd4 Kf7 38. Ne5+ Bxe5 39. dxe5 Qc6 40. Qh6 Qc2+ 41. Kh3 Qxa2 42. Qh8 Qb1 43. Qf6+ Kg8 44. Qxg6+ Kf8 45. Qf6+ Kg8 46. Qe6+ Kf8 47. Qc8+ Kg7 48. Qd7+ 1/2-1/2

[Event "SVK-chT2A 10/11"]
[Site "Slovakia"]
[Date "2010.10.24"]
[Round "2.2"]
[White "Madar, Martin"]
[Black "Kundrik, Peter"]
[Result "0-1"]
[WhiteElo "2117"]
[BlackElo "2226"]
[PlyCount "104"]
[EventDate "2010.10.23"]
[EventType "team-tourn"]
[EventRounds "11"]
[EventCountry "SVK"]
[SourceTitle "EXT 2019"]
[Source "ChessBase"]
[SourceDate "2018.10.10"]
[SourceVersion "1"]
[SourceVersionDate "2018.10.10"]
[SourceQuality "1"]
[WhiteTeam "Bratislava Slavia STU"]
[BlackTeam "Piestany Kupele"]
[WhiteTeamCountry "SVK"]
[BlackTeamCountry "SVK"]

1. e4 e6 2. d3 c5 3. Nd2 Nc6 4. Ngf3 Nf6 5. g3 d5 6. Bg2 Be7 7. 0-0 0-0 8. Re1 b5 9. e5 Nd7 10. Qe2 Rb8 11. Nf1 a5 12. h4 h6 13. Bf4 b4 14. h5 Ba6 15. c3 bxc3 16. bxc3 Qb6 17. Reb1 Qc7 18. Qc2 a4 19. Ne3 Qa5 20. Ng4 Rxb1+ 21. Rxb1 Rb8 22. Rxb8+ Ndxb8 23. Bxh6 gxh6 24. Nxh6+ Kg7 25. Nxf7 d4 26. Qd2 Kxf7 27. h6 Qd8 28. Qf4+ Ke8 29. h7 Kd7 30. c4 Qh8 31. Qf7 Nxe5 32. Nxe5+ Qxe5 33. f4 Qh8 34. Bh3 Nc6 35. Bxe6+ Kd6 36. Bf5 Bb7 37. Qe6+ Kc7 38. g4 Bf6 39. g5 Bg7 40. Be4 Qd8 41. Qg8 Qe7 42. h8Q Bxh8 43. Qxh8 Nd8 44. g6 Bxe4 45. g7 Bc6 46. g8Q Qe1+ 47. Kh2 Qf2+ 48. Kh3 Bd7+ 49. Qg4 Qf3+ 50. Kh2 Qxg4 51. Qe5+ Kb6 52. Qb8+ Nb7 0-1

[Event "SVK-chT2A 0809"]
[Site "Slovakia"]
[Date "2008.10.11"]
[Round "1.2"]
[White "Kundrik, Peter"]
[Black "Kleman, Miroslav"]
[Result "0-1"]
[WhiteElo "2228"]
[BlackElo "2204"]
[PlyCount "73"]
[EventDate "2008.10.11"]
[EventType "team-tourn"]
[EventRounds "11"]
[EventCountry "SVK"]
[SourceTitle "EXT 2010"]
[Source "ChessBase"]
[SourceDate "2010.11.25"]
[SourceVersion "1"]
[SourceVersionDate "2010.11.25"]
[SourceQuality "1"]
[WhiteTeam "Piestany Kupele"]
[BlackTeam "Bratislava Doprastav III"]
[WhiteTeamCountry "SVK"]
[BlackTeamCountry "SVK"]

1. e4 d6 2. d4 Nf6 3. Nc3 e5 4. Nf3 Nbd7 5. Bc4 Be7 6. 0-0 c6 7. a4 0-0 8. Re1 a5 9. Qe2 Qc7 10. Bg5 h6 11. Bh4 Re8 12. Rad1 Nf8 13. h3 Ng6 14. dxe5 dxe5 15. Bg3 Bf8 16. Nd4 Qb6 17. Nf5 Be6 18. Nd6 Bxd6 19. Rxd6 Qxb2 20. Bxe6 Qxc3 21. Bb3 Rad8 22. Red1 Rxd6 23. Rxd6 Qb4 24. Rxf6 gxf6 25. Qg4 Kg7 26. f3 f5 27. Qxf5 Qe7 28. h4 Qf6 29. Qg4 Kh7 30. h5 Nf8 31. f4 Ne6 32. fxe5 Qg5 33. Qf3 Kg7 34. Be1 Re7 35. Bd2 Nd4 36. Qf2 Qxe5 37. Be3 0-1

[Event "SVK-chT1W 0506"]
[Site "Slovakia"]
[Date "2006.??.??"]
[Round "?"]
[White "Borosova, Zuzana"]
[Black "Kundrik, Peter"]
[Result "1-0"]
[WhiteElo "2210"]
[BlackElo "2245"]
[PlyCount "105"]
[EventDate "2005.10.15"]
[EventType "team-tourn"]
[EventRounds "11"]
[EventCountry "SVK"]
[SourceTitle "EXT 2008"]
[Source "ChessBase"]
[SourceDate "2007.11.25"]
[SourceVersion "1"]
[SourceVersionDate "2007.11.25"]
[SourceQuality "1"]

1. e4 c5 2. Nf3 Nc6 3. d4 cxd4 4. Nxd4 Nf6 5. Nc3 e5 6. Ndb5 d6 7. Bg5 a6 8. Na3 b5 9. Bxf6 gxf6 10. Nd5 Bg7 11. Bd3 Be6 12. 0-0 f5 13. c3 0-0 14. Nc2 Kh8 15. a4 bxa4 16. Ncb4 Nxb4 17. Nxb4 a5 18. exf5 Bb3 19. Nc2 d5 20. Qc1 Rc8 21. Bb5 Qh4 22. Ne3 Bh6 23. g3 Qh3 24. Qb1 d4 25. Bxa4 dxe3 26. Bxb3 exf2+ 27. Kh1 Bf4 28. Rxf2 Be3 29. Re2 Bb6 30. Ra4 Qh5 31. Qf1 Rcd8 32. Rh4 Qg5 33. Ree4 Rd2 34. Rxh7+ Kxh7 35. Qh3+ Kg7 36. Rg4 Bd8 37. Qh5 Qxg4 38. Qxg4+ Kh8 39. Qh5+ Kg7 40. Qg4+ Kh8 41. Qh5+ Kg7 42. Bxf7 Rh8 43. f6+ Bxf6 44. Qg6+ Kf8 45. Qxf6 Rhxh2+ 46. Kg1 Rhg2+ 47. Kf1 Rgf2+ 48. Qxf2 Rxf2+ 49. Kxf2 Kxf7 50. Ke3 Kf6 51. c4 Kf5 52. c5 Ke6 53. Ke4 1-0

[Event "SVK-chT1W 0506"]
[Site "Slovakia"]
[Date "2005.??.??"]
[Round "?"]
[White "Kundrik, Peter"]
[Black "Veselsky, Jozef"]
[Result "1/2-1/2"]
[WhiteElo "2245"]
[BlackElo "2200"]
[PlyCount "138"]
[EventDate "2005.10.15"]
[EventType "team-tourn"]
[EventRounds "11"]
[EventCountry "SVK"]
[SourceTitle "EXT 2008"]
[Source "ChessBase"]
[SourceDate "2007.11.25"]
[SourceVersion "1"]
[SourceVersionDate "2007.11.25"]
[SourceQuality "1"]

1. e4 c5 2. Nc3 g6 3. g3 Bg7 4. Bg2 Nc6 5. d3 Nf6 6. Be3 d6 7. h3 Bd7 8. Nge2 0-0 9. 0-0 Qc8 10. Kh2 Ne5 11. f3 b5 12. Qd2 b4 13. Nd1 Rb8 14. f4 Nc6 15. c3 a5 16. d4 cxd4 17. cxd4 Qa6 18. g4 Na7 19. e5 Ne8 20. Ng3 dxe5 21. fxe5 Bc6 22. Bxc6 Nxc6 23. Rc1 Rd8 24. Qe2 Qxe2+ 25. Nxe2 Nb8 26. Rc5 f6 27. e6 Nd6 28. Rxa5 Rc8 29. Rc5 Ne4 30. Rxc8 Rxc8 31. Nf2 Nxf2 32. Rxf2 Rd8 33. Nc1 Nc6 34. Rd2 f5 35. Nb3 f4 36. Bxf4 Bxd4 37. Kg2 Bf6 38. Re2 Ra8 39. Nc1 Nd4 40. Re4 Ra6 41. Bd2 Rc6 42. Be3 Rxe6 43. Rxe6 Nxe6 44. b3 Nd8 45. Bd2 Nc6 46. Nd3 Bc3 47. Bxc3 bxc3 48. Kf3 Kf7 49. Ke4 Ke6 50. Nc1 Nb4 51. Kd4 Nd5 52. a3 Kd6 53. Kd3 e5 54. Ne2 Nf4+ 55. Nxf4 exf4 56. Kxc3 g5 57. Kd4 Kc6 58. a4 h6 59. b4 Kb6 60. Kc4 Ka6 61. a5 Kb7 62. b5 Ka7 63. Kd4 Kb7 64. Ke4 Ka7 65. h4 Kb7 66. hxg5 hxg5 67. Kd3 Ka7 68. Kc4 Kb7 69. Kd4 Ka7 1/2-1/2